| 000 | 00816nam a22002777a 4500 | ||
|---|---|---|---|
| 005 | 20220125111811.0 | ||
| 008 | 160202b xxu||||| |||| 00| 0 spa d | ||
| 041 | _aEspañol | ||
| 082 | _a657.45 B641a2 | ||
| 100 |
_aBlanco Luna, Yanel _92652 |
||
| 245 | _aAuditoría integral: normas y procedimientos | ||
| 250 | _a2 edición | ||
| 260 |
_aColombia _bEcoe Ediciones _c2012 |
||
| 300 | _a520 páginas | ||
| 650 |
_aAUDITORÍA _92653 |
||
| 650 |
_aAUDITORÍA FISCAL _92654 |
||
| 650 |
_aESTADOS FINANCIEROS _965 |
||
| 650 |
_aCONTABILIDAD _92655 |
||
| 650 |
_aAUDITORÍA INTEGRAL _92656 |
||
| 650 |
_aPLANEACIÓN _962234 |
||
| 650 |
_aCONTROL INTERNO _9762 |
||
| 650 |
_aAUDITORÍA FINANCIERA _92658 |
||
| 650 |
_aAUDITORÍA DE GESTIÓN _92659 |
||
| 650 |
_aAUDITORÍA DE CUMPLIMIENTO _92660 |
||
| 942 | _cBK | ||
| 999 |
_c7590 _d7590 |
||